Catálogo público

Identificación, dinamíca poblacional y parasitoides de dos lepidopteros plaga de zarzamora, Rubus fruticosus L., en tres regiones productoras del estado de Michoacán / (Record no. 208341)

MARC details
000 -CABECERA
campo de control de longitud fija 00963nam a2200289Ia 4500
001 - NÚMERO DE CONTROL
campo de control Para_9665
003 - IDENTIFICADOR DEL NÚMERO DE CONTROL
campo de control CHAP
008 - DATOS DE LONGITUD FIJA--INFORMACIÓN GENERAL
campo de control de longitud fija 220125s9999 xx 000 0 und d
010 ## - NÚMERO DE CONTROL DE LA BIBLIOTECA DEL CONGRESO
Número de control de LC 208341
040 ## - FUENTE DE LA CATALOGACIÓN
Centro/agencia transcriptor CHAP
090 ## - LOCALMENTE ASIGNADO TIPO-LC NÚMERO DE CLASIFICACIÓN (OCLC); NÚMERO DE CLASIFICACIÓN LOCAL (RLIN)
Número de clasificación (OCLC) (R) ; Numero de clasificación, CALL (RLIN) (NR) PA TESIS 2286
100 ## - ENTRADA PRINCIPAL--NOMBRE DE PERSONA
Nombre de persona López Cruz, Ignacio
9 (RLIN) 174663
245 ## - MENCIÓN DE TÍTULO
Título Identificación, dinamíca poblacional y parasitoides de dos lepidopteros plaga de zarzamora, Rubus fruticosus L., en tres regiones productoras del estado de Michoacán /
Mención de responsabilidad, etc. Ignacio López Cruz.
260 ## - PUBLICACIÓN, DISTRIBUCIÓN, ETC.
Lugar de publicación, distribución, etc. Morelia, Mich. :
Nombre del editor, distribuidor, etc. el autor, 2009
300 ## - DESCRIPCIÓN FÍSICA
Extensión 61 h.
502 ## - NOTA DE TESIS
Nota de tesis Tesis (Biólogo) UMSNH. Facultad de biología
650 ## - PUNTO DE ACCESO ADICIONAL DE MATERIA--TÉRMINO DE MATERIA
Término de materia o nombre geográfico como elemento de entrada Plagas
Subdivisión general tortricidae
9 (RLIN) 174664
650 ## - PUNTO DE ACCESO ADICIONAL DE MATERIA--TÉRMINO DE MATERIA
Término de materia o nombre geográfico como elemento de entrada Zarzamora
Subdivisión general enfermedades
9 (RLIN) 123734
710 ## - PUNTO DE ACCESO ADICIONAL--NOMBRE DE ENTIDAD CORPORATIVA
Nombre de entidad corporativa o nombre de jurisdicción como elemento de entrada UMSNH. Facultad de Biología
9 (RLIN) 174665
901 ## - ELEMENTOS DE DATOS A LOCAL LDA (RLIN)
a PA TESIS 2286
902 ## - ELEMENTOS DE DATOS B LOCAL, LDB (RLIN)
a M
905 ## - ELEMENTOS DE DATOS E LOCAL, LDE (RLIN)
a 500220 8000000000 00
910 ## - DATOS DE OPCIÓN DEL USUARIO (OCLC)
Datos de opción del usuario
942 ## - ELEMENTOS DE PUNTO DE ACCESO ADICIONAL (KOHA)
Tipo de ítem Koha Parasitologia_
942 ## - ELEMENTOS DE PUNTO DE ACCESO ADICIONAL (KOHA)
Tipo de ítem Koha Parasitologia_
-- 2
Holdings
Estado de retiro Estado de pérdida Fuente del sistema de clasificación o colocación Estado dañado No para préstamo Código de colección Localización permanente Ubicación/localización actual Ubicación en estantería Fecha de adquisición Información codificada de la localización en otra ubicación Total de préstamos Código de barras Fecha visto por última vez Número de copia Precio válido a partir de Tipo de ítem Koha Nota pública Fecha del último préstamo
    Clasificación Universidad Autónoma de Chapingo     Tesis Parasitologia Agricola Parasitologia Agricola   06/07/2011 PARA   PA_09686-2 25/01/2022 2 25/01/2022 Tesis 3  
    Clasificación Universidad Autónoma de Chapingo     Tesis Parasitologia Agricola Parasitologia Agricola   06/07/2011 PARA 1 PA_09686 14/02/2023 1 25/01/2022 Tesis 2 14/02/2023